| 000 | 00635nam a2200181 i 4500 | ||
|---|---|---|---|
| 001 | 25973 | ||
| 003 | ES-MaACL | ||
| 005 | 20230906153350.0 | ||
| 007 | t| | ||
| 008 | 030107s1908 sp ||||1| spa d | ||
| 100 | 1 |
_aArtaza Malvarez, Ramón de. _923429 |
|
| 245 | 1 | 0 |
_aRecuerdos de la muy noble, muy leal y muy humanitaria Villa de Muros / _cpor Ramón de Artaza Malvarez ; prólogo de Manuel Murgía ; epílogo de Plácido Angel Rey. |
| 260 |
_aSantiago : _bTel Eco de Santiago, _c1908. |
||
| 300 |
_a307 p. ; _c22 cm. |
||
| 700 | 1 |
_aRey, Plácido Ángel. _996511 |
|
| 700 | 1 |
_aMurguía, Manuel. _984577 |
|
| 852 |
_aES-MaACL _jF-2441 |
||
| 999 |
_c25973 _d25973 |
||